| 000 | 00817nam a2200313Ia 4500 | ||
|---|---|---|---|
| 001 | 20504 | ||
| 005 | 20240114000520.0 | ||
| 007 | ta | ||
| 008 | 170405s2003 ii a g b000 u 465 u | ||
| 020 | _a81-7188-290-0 | ||
| 040 | _aCotton Collrge,Assam | ||
| 041 | _a465 | ||
| 082 |
_a330.5954 _bPa 195 In |
||
| 100 | _aPant, K. C. . | ||
| 245 | 0 |
_aIndia`s Development Scenario: Next Decade and beyond / _cK. C. Pant. _hTextual Documents |
|
| 250 | _a1st ed. / | ||
| 260 |
_aNew Delhi : _bAcademic Foundation , _c2003. |
||
| 300 |
_bill ; _c23cm . |
||
| 504 | _aIndex | ||
| 653 | _aEconomics | ||
| 653 | _aG-Economics | ||
| 653 | _aIndia-development economy | ||
| 653 | _aG-Economics | ||
| 942 |
_2ddc _cBK |
||
| 999 |
_c20486 _d20486 |
||